The cross and the reconstruction of the world: (Record no. 10183)

000 -LEADER
fixed length control field 00584nam a2200181 a 4500
001 - CONTROL NUMBER
control field :::00007968$&:&@@
003 - CONTROL NUMBER IDENTIFIER
control field OkBaRHE
005 - DATE AND TIME OF LATEST TRANSACTION
control field 20000607103340.0
008 - FIXED-LENGTH DATA ELEMENTS--GENERAL INFORMATION
fixed length control field s1920 j 000 0 eng u
040 ## - CATALOGING SOURCE
Transcribing agency
100 1# - MAIN ENTRY--PERSONAL NAME
Personal name Saunders, J. R.
245 14 - TITLE STATEMENT
Title The cross and the reconstruction of the world:
Remainder of title Mankind's one hope of conquest.
260 ## - PUBLICATION, DISTRIBUTION, ETC. (IMPRINT)
Place of publication, distribution, etc New York, NY.,
Name of publisher, distributor, etc Fleming H. Revell Company
Date of publication, distribution, etc c1920
300 ## - PHYSICAL DESCRIPTION
Extent 241 p. ;
Dimensions
650 ## - SUBJECT ADDED ENTRY--TOPICAL TERM
Topical term or geographic name as entry element Missions History
942 ## - ADDED ENTRY ELEMENTS (KOHA)
Source of classification or shelving scheme
Koha item type Books
Copies
Permanent Location Date acquired Damaged status Source of classification or shelving scheme Date last seen Copy number Shelving location Price effective from Barcode Lost status Full call number Not for loan Withdrawn status Koha item type
RHEMA Bible Training College2010-04-14  2010-04-141General Stacks2010-04-147968 BV 2073 .S2  Books